|
|
|
|
| LEADER |
01730nam a2200433Ia 4500 |
| 001 |
EBC677778 |
| 003 |
MiAaPQ |
| 005 |
20200520144314.0 |
| 006 |
m o d | |
| 007 |
cr cn||||||||| |
| 008 |
070817s2007 caua sb 001 0 eng d |
| 010 |
|
|
|z 2007034207
|
| 020 |
|
|
|z 9781598743081
|
| 020 |
|
|
|z 1598743074 (hbk, : alk. paper)
|
| 020 |
|
|
|z 9781598743074 (hbk. : alk. paper)
|
| 035 |
|
|
|a (MiAaPQ)EBC677778
|
| 035 |
|
|
|a (Au-PeEL)EBL677778
|
| 035 |
|
|
|a (CaPaEBR)ebr10379859
|
| 035 |
|
|
|a (CaONFJC)MIL928070
|
| 035 |
|
|
|a (OCoLC)609280719
|
| 040 |
|
|
|a MiAaPQ
|c MiAaPQ
|d MiAaPQ
|
| 050 |
|
4 |
|a DT473
|b .R43 2007
|
| 082 |
0 |
4 |
|a 966
|2 22
|
| 245 |
0 |
0 |
|a Reclaiming heritage
|h [electronic resource] :
|b alternative imaginaries of memory in West Africa /
|c Ferdinand de Jong, Michael Rowlands, editors.
|
| 260 |
|
|
|a Walnut Creek, Calif. :
|b Left Coast Press,
|c c2007.
|
| 300 |
|
|
|a 270 p. :
|b ill.
|
| 490 |
0 |
|
|a Publications of the Institute of Archaeology, University College London. Critical perspectives on cultural heritage
|
| 504 |
|
|
|a Includes bibliographical references and index.
|
| 533 |
|
|
|a Electronic reproduction. Ann Arbor, MI : ProQuest, 2015. Available via World Wide Web. Access may be limited to ProQuest affiliated libraries.
|
| 650 |
|
0 |
|a Cultural property
|z Africa, West.
|
| 650 |
|
0 |
|a Cultural property
|x Protection
|z Africa, West.
|
| 650 |
|
0 |
|a Memory
|x Social aspects
|z Africa, West.
|
| 651 |
|
0 |
|a Africa, West
|x History.
|
| 651 |
|
0 |
|a Africa, West
|x Antiquities.
|
| 655 |
|
4 |
|a Electronic books.
|
| 700 |
1 |
|
|a De Jong, Ferdinand.
|
| 700 |
1 |
|
|a Rowlands, M. J.
|
| 710 |
2 |
|
|a ProQuest (Firm)
|
| 856 |
4 |
0 |
|u https://ebookcentral.proquest.com/lib/matrademy/detail.action?docID=677778
|z Click to View
|